01879nam a2200469 a 4500001001000000003000900010005001700019007001000036008004100046020001800087040002200105082001800127100003500145245010300180260004400283300002800327500003200355504007400387600003800461600003000499600003200529600002800561650002600589650002800615650002900643650004800672650002600720710004300746710004500789910003900834930004600873930005200919942001200971945002700983952011201010952011501122956003901237956004001276956003901316956003901355999001501394000003177DO-SdBNP20170925131613.0000003177090707s2007 dr a 000 0 spa d a9789993425694 aBPMSUbspacBPMSU a808.53bM433e1 aMatos Mosquete, Manuel,b1944-10aEstrategias de captación de la voluntad popular en las elecciones de 2004.cManuel Mato Moquete  aSanto Domingo :bCONARE:bINTEC,c2007. a304 p. :bil. ;c23 cm. aBibliografía: p. 297-304. aIncluye referencias bibliográficas y notas al pie de las páginas.14aFERNÁNDEZ REYNA, LEONEL,d1953-14aESTRELLA, EDUARDO,d1953-14aMEJÍA, HIPÓLITO,d1941-14aBOSCH, JUAN,d1909-2001 4aORATORÍA POLÍTICA 4aANÁLISIS DEL DISCURSO 4aANÁLISIS LINGUÍSTICO 4aCAMPAÑA ELECTORALzREPÚBLICA DOMINICANA 4aDISCURSOS POLÍTICOS1 aConsejo Nacional de Reforma del Estado1 aInstituto Tecnológico de Santo Domingo aValidado. Control de calidad BNPHU 1lBND01mLF1h808.53820090707f04pCTg596 1lBND01mLF1h808.53820090716f04pCTg596he. 2 2ddccBK aInventariado, 2017/MFF 00102ddc40708CDaBPMETbBPMETd2015-08-05l0o808.53 M433epBPMSU15080058r2015-08-05w2015-08-05yBK 00102ddc4070aBPMETbBPMETd2015-08-05l0o808.53 M433epBPMSU15080059r2015-08-05tej. 2w2015-08-05yBK aAVARGASb10c20090707lBND01h0827 aBTAVAREZb10c20100223lBND01h1400 aMMOLINAb40c20140520lBND01h1146 aVMATEOb10c20150805lBPMSUh00151 c8072d8072